000 00684nab a2200193 4500
001 244442
003 OSt
005 20240822115036.0
007 tu
008 200917s2020|||||||
040 _aDE-2950
_cDE-2950
245 0 0 _aVeranstaltung der AfD auf dem Marktplatz sorgt für Protest
_bWahlkampf. Rund 250 Menschen sind zum "Familienfest" der Partei in Frankfurt gekommen. Etwa 200 Menschen stellten sich dagegen/
_cPhilipp Stepputtis, Lisa Larossa
264 _c2024
653 _aFrankfurt (Oder)
653 _aLandtagswahl
653 _aAfD-Veranstaltung
773 0 _g35. Jahrgang (2024) Nr. 192 vom 17.08.2024, S. 15, mit Foto
_tMärkische Oderzeitung
942 _2z
_cA
999 _c373293
_d373293